Engineering mechanics : (Record no. 82190)
[ view plain ]
| 000 -LEADER | |
|---|---|
| fixed length control field | 00682nam a22001937a 4500 |
| 005 - DATE AND TIME OF LATEST TRANSACTION | |
| control field | 20140320115105.0 |
| 010 ## - LCCN (DPL NO) | |
| LC control number | ENG-109182 |
| 020 ## - INTERNATIONAL STANDARD BOOK NUMBER | |
| International Standard Book Number | 9788128018466 |
| Terms of availability | 225.00 |
| 035 ## - SYSTEM CONTROL NUMBER | |
| System control number | EN-92715 |
| 037 ## - SOURCE OF ACQUISITION | |
| Source of stock number/acquisition | DBAD/PUB |
| 082 ## - DEWEY DECIMAL CLASSIFICATION NUMBER | |
| Classification number | 620.1 |
| 100 ## - MAIN ENTRY--PERSONAL NAME | |
| Personal name | Rajendra Prasad, D. S. |
| 245 ## - TITLE STATEMENT | |
| Title | Engineering mechanics : |
| Statement of responsibility, etc | by D. S. Rajendra Prasad |
| Remainder of title | a simple approach useful for VTU and autonomous institutions-UG courses / |
| 260 ## - PUBLICATION, DISTRIBUTION, ETC. (IMPRINT) | |
| Name of publisher, distributor, etc | Sapna Book House |
| Date of publication, distribution, etc | 2012 |
| Place of publication, distribution, etc | Bangalore |
| 270 ## - ADDRESS | |
| City | Bangalore |
| Postal code | 560009 |
| Address | 3rd Main Road, Gandhinagar |
| 300 ## - PHYSICAL DESCRIPTION | |
| Extent | 353p. : |
| Dimensions | 24cm(pbk) |
| Other physical details | ill. |
| 500 ## - GENERAL NOTE | |
| General note | Includes bibliographical references and index |
| 942 ## - ADDED ENTRY ELEMENTS (KOHA) | |
| Source of classification or shelving scheme | Dewey Decimal Classification |
| Item type | English Books |
| Call number suffix | RAJ |
| Classification part | 620.1 |
| Withdrawn status | Lost status | Not for loan | Collection code | Home library | Current library | Date acquired | Source of acquisition | Cost, normal purchase price | Full call number | Barcode | Copy number | Cost, replacement price | Koha item type |
|---|---|---|---|---|---|---|---|---|---|---|---|---|---|
| Not For Loan | Non-fiction | D.B.Act.Division | D.B.Act.Division | 28/01/2014 | DBAD/PUB | 225.00 | 620.1 RAJ | EN-92715 | 1 | 225.00 | English Books |
